|
|
|
|
| LEADER |
00000cam a2200000 a 4500 |
| 001 |
vtls008360176 |
| 003 |
SK-MaSNL |
| 005 |
20260301020723.0 |
| 008 |
181128s1964 xo 000 f slo |
| 015 |
|
|
|a SNBA1964/12-02754
|
| 020 |
|
|
|q (viaz.)
|
| 035 |
|
|
|a SK01SNK19640052393
|
| 035 |
|
|
|a SKM000054856
|
| 040 |
|
|
|a SNK
|b slo
|c SNK
|e AACR2
|
| 041 |
0 |
|
|a slo
|
| 044 |
|
|
|a xo
|c SK
|
| 080 |
|
|
|a 885.4-3
|2 1981
|
| 080 |
|
|
|a 821.162.4-311.6
|2 2001
|
| 100 |
1 |
|
|a Nižnánsky, Jozef,
|d 1903-1976
|4 aut
|9 110616
|
| 245 |
1 |
0 |
|a Studňa lásky
|c Jožo Nižnánsky ; vysvetlivky vypracovala Mária Kocúriková ; doslov napísal Vladimír Petrík
|
| 250 |
|
|
|a 1. vyd.
|
| 260 |
|
|
|a Bratislava
|b Slovenské vydavateľstvo krásnej literatúry
|c 1964
|e Bratislava
|f Polygrafické závody 02
|
| 300 |
|
|
|a 287, [3] s.
|c 8°
|
| 366 |
|
|
|e 25000 výtl.
|
| 490 |
1 |
|
|a Naša tvorba
|v zv. 24
|
| 500 |
|
|
|a Celkovo 4. vyd.
|
| 655 |
|
7 |
|a historické romány
|2 SNKPH
|9 70253
|
| 655 |
|
7 |
|a slovenské romány
|2 SNKPH
|9 70324
|
| 700 |
1 |
|
|a Kocúriková, Mária,
|d narodená 1925
|4 oth
|9 60632
|
| 700 |
1 |
|
|a Petrík, Vladimír,
|d 1929-2017
|4 aui
|9 171168
|
| 830 |
|
0 |
|a Naša tvorba
|9 287099
|
| 958 |
|
|
|a TL
|
| 958 |
|
|
|a RK
|
| 958 |
|
|
|a LX
|
| 958 |
|
|
|a OND
|
| 958 |
|
|
|a PETRIKAkd/1964_1965_1969
|
| 999 |
|
|
|c 563621
|d 565551
|
| 952 |
|
|
|a SNK
|b SNK
|y PREZ
|7 0
|p 17A1348999
|o snkSC 19214 D1
|i snkKSP 4551/64
|0 0
|1 0
|4 0
|d 2021-10-22
|l 0
|r 2026-02-23 13:50:12
|w 2026-02-23
|
| 952 |
|
|
|a SNK
|b SNK
|y PREZ
|7 0
|o snkSC 19214
|0 0
|1 0
|4 0
|d 2018-10-03
|l 0
|r 2026-02-23 13:50:12
|w 2026-02-23
|